000 00890nam a2200265 i 4500
001 bg
100 1 _aSZCZEPIŃSKI, Wojciech
245 1 0 _aWybrane metody matematyczne w stosowanej mechanice materiałów i w akustyce /
_cWojciech Szczepiński.
260 _aKielce :
_bWydaw. PŚ,
_c2005.
300 _a60 s. :
_bil. ;
_c24 cm.
490 1 _aSkrypty / [Politechnika Świętokrzyska],
_x0239-6386 ;
_vnr 412
504 _aBibliogr. po rozdz.
650 9 _aOśrodki ciągłe
_xmechanika
650 9 _aNaprężenia i odkształcenia
650 9 _aPlastyczność
_xteoria
650 9 _aSprężystość
_xteoria
650 9 _aFale akustyczne
655 _aPodręczniki akademickie
830 0 _aSkrypty ([Politechnika Świętokrzyska]) ;
_vnr 412
040 _cBPK
041 0 _apol
080 _a539.3/.6:531:534](075.8)
942 _cKS
008 s pl f |000 0 pol
999 _c45876
_d45876
856 _uhttp://koha.tu.koszalin.pl/cgi-bin/koha/opac-detail.pl?biblionumber=45876
_yKatalog online BPK